An english prosody on inductive lines / (Record no. 128357)

MARC details
000 -LEADER
fixed length control field 00654nam a22002297a 4500
005 - DATE AND TIME OF LATEST TRANSACTION
control field 20170124110038.0
010 ## - LIBRARY OF CONGRESS CONTROL NUMBER
LC control number 049884
020 ## - INTERNATIONAL STANDARD BOOK NUMBER
Terms of availability 00.00
035 ## - SYSTEM CONTROL NUMBER
System control number 049884
037 ## - SOURCE OF ACQUISITION
Source of stock number/acquisition Cen Lib/Ret
040 ## - CATALOGING SOURCE
Original cataloging agency DPL
Language of cataloging EN
082 ## - DEWEY DECIMAL CLASSIFICATION NUMBER
Classification number 808
Item number YOU
100 ## - MAIN ENTRY--PERSONAL NAME
Personal name Young, George
9 (RLIN) 23151
245 ## - TITLE STATEMENT
Title An english prosody on inductive lines /
Remainder of title by George Young
260 ## - PUBLICATION, DISTRIBUTION, ETC. (IMPRINT)
Place of publication, distribution, etc London
Name of publisher, distributor, etc Cambridge University Press
Date of publication, distribution, etc 1928
270 ## - ADDRESS
Address Fetter Lane
City London
300 ## - PHYSICAL DESCRIPTION
Extent xiv,296p.
Dimensions 20cm(Hb)
500 ## - GENERAL NOTE
General note Includes index
650 ## - SUBJECT ADDED ENTRY--TOPICAL TERM
Topical term or geographic name as entry element English language
9 (RLIN) 1922
650 ## - SUBJECT ADDED ENTRY--TOPICAL TERM
Topical term or geographic name as entry element English language--Versification
9 (RLIN) 23152
942 ## - ADDED ENTRY ELEMENTS (KOHA)
Source of classification or shelving scheme Dewey Decimal Classification
Koha item type English Books
Classification part 808
Call number suffix YOU
Holdings
Withdrawn status Lost status Damaged status Not for loan Home library Current library Date acquired Source of acquisition Cost, normal purchase price Total Checkouts Full call number Barcode Date last seen Copy number Cost, replacement price Price effective from Koha item type Public note
Written off       Central Library Central Library 02/07/2015 Cen Lib/Ret 0.00   808 YOU 049884 02/07/2015 1 0.00 02/07/2015 English Books W/d List No. 3394/9:Dtd 05/04/21

© Delhi Public Library
Hit Counter
free hit counter